LEADER 02954nam 22008295 450 001 9910974635203321 005 20250609110057.0 010 $a9781349451371 010 $a1349451371 010 $a9781137293862 010 $a1137293861 024 7 $a10.1057/9781137293862 035 $a(CKB)2550000001125847 035 $a(SSID)ssj0000980549 035 $a(PQKBManifestationID)11611466 035 $a(PQKBTitleCode)TC0000980549 035 $a(PQKBWorkID)10958116 035 $a(PQKB)10889723 035 $a(DE-He213)978-1-137-29386-2 035 $a(OCoLC)868958028 035 $a(MiAaPQ)EBC1431388 035 $a(Perlego)3485255 035 $a(MiAaPQ)EBC4329256 035 $a(EXLCZ)992550000001125847 100 $a20151205d2013 u| 0 101 0 $aeng 135 $aurnn|008mamaa 181 $ctxt 182 $cc 183 $acr 200 10$aOTC Derivatives: Bilateral Trading and Central Clearing $eAn Introduction to Regulatory Policy, Market Impact and Systemic Risk /$fby David Murphy 205 $a1st ed. 2013. 210 1$aLondon :$cPalgrave Macmillan UK :$cImprint: Palgrave Macmillan,$d2013. 215 $a1 online resource (XI, 298 p.) 225 1 $aGlobal Financial Markets,$x2946-384X 300 $aIncludes index. 311 08$a9781137293855 311 08$a1137293853 311 08$a9781299952379 311 08$a1299952372 330 $aAfter the credit crisis, supervisors enacted a range of financial reforms. In particular, they radically changed the nature of the OTC derivatives market via a number of measures, notably mandatory central clearing. This book discusses the market before the crisis, explains what central clearing is, and outlines the consequences of the new rules. 410 0$aGlobal Financial Markets,$x2946-384X 606 $aAccounting 606 $aFinancial services industry 606 $aCapital market 606 $aFinancial risk management 606 $aBusiness enterprises$xFinance 606 $aInternational economic relations 606 $aAccounting 606 $aFinancial Services 606 $aCapital Markets 606 $aRisk Management 606 $aCorporate Finance 606 $aInternational Economics 615 0$aAccounting. 615 0$aFinancial services industry. 615 0$aCapital market. 615 0$aFinancial risk management. 615 0$aBusiness enterprises$xFinance. 615 0$aInternational economic relations. 615 14$aAccounting. 615 24$aFinancial Services. 615 24$aCapital Markets. 615 24$aRisk Management. 615 24$aCorporate Finance. 615 24$aInternational Economics. 676 $a332.64/57 700 $aMurphy$b David$4aut$4http://id.loc.gov/vocabulary/relators/aut$0603485 906 $aBOOK 912 $a9910974635203321 996 $aOTC Derivatives: Bilateral Trading and Central Clearing$94331772 997 $aUNINA